Normal view
MARC view
- الرياضيات - تعليم
Entry Topical Term
001 - CONTROL NUMBER
- control field: 57590
003 - CONTROL NUMBER IDENTIFIER
- control field: JO-AjAnu
005 - DATE AND TIME OF LATEST TRANSACTION
- control field: 20230606083429.0
008 - FIXED-LENGTH DATA ELEMENTS
- fixed length control field: 230606|| aca||aabn | a|a d
040 ## - CATALOGING SOURCE
- Original cataloging agency: JO-AjAnu
- Transcribing agency: JO-AjAnu
150 ## - HEADING--TOPICAL TERM
- Topical term or geographic name entry element: الرياضيات - تعليم
670 ## - SOURCE DATA FOUND
- Source citation: Work cat.: (JO-AjAnu)29385: اعداد الحسبان، منال عبدربه السعد؛ اشراف خمسي موسى نجم, author 57589, اثرتطوير مهارات الاتصال الرياضي في تنمية التفكير الرياضي والتحصيل في الرياضيات لدى طالبات الصف العاشر الاساسي=The Effect of Developing Mathematical Communication Skills on Enhancing the Mathematical thinking and Mathematics Achievement of Tenth Grade Students